000 00498nam a2200097Ia 4500
008 170517s9999 xx 000 0 und d
245 _aTHIN
300 _aThe 2006 cinéma vérité documentary film, THIN, directed by Lauren Greenfield and distributed by HBO, is an exploration of The Renfrew Center in Coconut Creek, Florida; a 40-bed residential facility for the treatment of women with eating disorders. The film mostly...
650 _xTechnology.
856 _uhttp://topdocumentaryfilms.com/thin/
999 _c335134
_d335134